movie settings - states - Statistics

General Stats
  • This quiz has been taken 15 times
  • The average score is 11 of 15
Answer Stats
movie year state % Correct
Casino 1995 Nevada
100%
Lilo & Stitch 2002 Hawaii
91%
Ghostbusters 1984 New York
91%
Twilight 2008 Washington
91%
Clueless 1995 California
82%
Gone With the Wind 1939 Georgia
82%
Fargo 1996 North Dakota
82%
No Country for Old Men 2007 Texas
82%
Brokeback Mountain 2005 Wyoming
82%
Scarface 1983 Florida
73%
The Blair Witch Project 1999 Maryland
55%
The Stepford Wives 1975 Connecticut
45%
Little Women 2019 Massachusetts
45%
12 Years a Slave 2013 Louisiana
36%
Remember the Titans 2000 Virginia
27%
No matching quizzes found
Score Distribution
Percent of People with Each Score
Percentile by Number Answered
Your Score History
You have not taken this quiz